000 00860nam a22002177a 4500
999 _c20797
_d20797
005 20200131124257.0
008 200131b xxu||||| |||| 00| 0 spa d
020 _a
040 _aCO-BoIAVH
_cCO-BoIAVH
041 _aspa
044 _ack
110 _aColombia. Ministerio del Medio Ambiente
245 _aPOMCA 5
_bPlan de Ordenación y Manejo de la Cuenca Hidrográfica
_cMinisterio del Medio Ambiente y Ministerio de Hacienda
260 _as.l:
_bConsorcio POMCAS Oriente Antioqueño,
_cs.f.
300 _aFolleto plegable
_bFotografías, gráficas y mapas a color,
_c30x 15 cm (plegado)
650 0 _aPlanes de Ordenación y Manejo Ambiental
650 0 _aCuencas hidrográficas
_zAntioquia
650 0 _aÁreas naturales protegidas
_vPOMCA
710 _aMinisterio de Hacienda
_eColombia
942 _2z
_cFolleto